| 000 | 00501cam a2200193 i 4500 | ||
|---|---|---|---|
| 020 | _a0834801329 : | ||
| 040 | _cDLC | ||
| 082 | 0 | 0 | _a745 WEA 1978 A085 Or. |
| 100 | 1 | _aBlakemore, Frances. | |
| 245 | 1 | 0 | _aJapanese design through textile patterns / |
| 250 | _a1st ed. | ||
| 260 |
_aNew York : _bWeatherhill, _c1978. |
||
| 300 |
_a272 p. : _bill. ; _c21 cm. |
||
| 500 | _aIncludes index. | ||
| 650 | 0 | _aDecoration and ornament | |
| 650 | 0 | _aTextile design | |
| 650 | 0 | _aStencil work | |
| 942 | _cEK | ||
| 999 |
_c13822 _d13822 |
||